000 00312nam a22001337a 4500
008 171025b xxu||||| |||| 00| 0 eng d
020 _a9780070543263
041 _aeng
080 _27th
_a311
100 _a55
101 _aSTA
245 _aFUNDAMENTALS OF BEHAVIORAL STATISTICS
_cRUNYON,R.P
942 _2udc
_cBK
999 _c35965
_d35965